| 000 | 00748nam a2200253Ia 4500 | ||
|---|---|---|---|
| 008 | 180523s9999 xx 000 0 und d | ||
| 020 | _a0-7817-6033-X | ||
| 050 | _aMAIN RC 440 | ||
| 050 | _b.V53 2006 | ||
| 100 | _aVidebeck, Shiela L. | ||
| 245 | 0 | _aPsychiatric mental health nursing / | |
| 245 | 0 | _cSheila L. Videbeck. | |
| 250 | _a3rd Edition | ||
| 260 | _aPhiladelphia : | ||
| 260 | _bLippincott Williams &Wilkins, | ||
| 260 | _c2006 | ||
| 300 | _a561 pages : | ||
| 300 | _bcolored illustrations ; | ||
| 300 | _c28 cm. | ||
| 300 | _e+ 1 videodisc (DVD : sd., col. ; 4 3/4 in.) | ||
| 500 | _aIncludes bibliographical references and index. | ||
| 650 | _aPsychiatric nursing. | ||
| 650 | _xNursing assessment -- case studies. | ||
| 999 |
_c357638 _d357638 |
||